header

The property tax and local autonomy (Record no. 47318)

MARC details
000 -LEADER
fixed length control field 01387nam a2200349Ia 4500
245 04 - TITLE STATEMENT
Title The property tax and local autonomy
260 ## - PUBLICATION, DISTRIBUTION, ETC. (IMPRINT)
Place of publication Cambridge :
Name of publisher Lincoln Institute of Land Policy,
Year of publication c2010.
300 ## - PHYSICAL DESCRIPTION
Number of Pages viii, 299 p. :
Other physical details ill.
650 #0 - SUBJECT ADDED ENTRY--TOPICAL TERM
Topical Term Property tax
Topical Term Local taxation
Topical Term Local finance
Topical Term Intergovernmental tax relations
700 1# - ADDED ENTRY--PERSONAL NAME
Personal name Bell, Michael E.
Personal name Brunori, David.
Personal name Youngman, Joan M.
856 40 - ELECTRONIC LOCATION AND ACCESS
Uniform Resource Identifier http://site.ebrary.com/lib/rucke/Doc?id=10634005

No items available.

© 2026 Rongo University
Contact us: librarian | system librarian | Rongo university